Observación infantil y planificación educativa: de bebés a tres años

Uloženo v:
Podrobná bibliografie
Hlavní autor: Bradford, Helen (Autor)
Médium: Kniha
Jazyk:španělština
Vydáno: Madrid Narcea 2014
Vydání:1a. ed
Edice:Primero Años
Témata:
Tagy: Přidat tag
Žádné tagy, Buďte první, kdo vytvoří štítek k tomuto záznamu!

MARC

LEADER 00000cam a2200000 a 4500
001 UCD5110
003 CL-VaPUC
008 160807e20140000sp |||||||||||||||||spa|d
020 |a 9788427720374 
082 0 4 |a 372.19  |b BRA  |2 21 
100 0 |a Bradford, Helen  |e author  |9 588842 
245 1 0 |a Observación infantil y planificación educativa: de bebés a tres años 
250 |a 1a. ed 
300 |a 107 p 
942 |c BK 
945 |d 20160807 22:49:00  |a arojas 
260 |a Madrid  |b Narcea  |c 2014 
650 0 |a Educación preescolar  |9 260381 
650 0 |a Métodos de enseñanza  |9 270413 
650 0 |a Planificación de la educación   |9 307333 
583 |a last modification  |c 20160807 22:49:00  |k Rodrigo Vera 
490 0 |a Primero Años 
999 |c 365869  |d 365867 
952 |0 0  |1 0  |3 erb  |4 0  |6 372_190000000000000_BRA_2014  |7 0  |8 A  |9 479840  |a BIBEDU  |b BIBEDU  |i 5335787  |o 372.19 BRA 2014  |p 5335787  |r 2019-11-24  |w 2019-11-24  |y BK  |z Catalogado en:20160807  |k PAR